000 00545nam a2200193 a 4500
005 20140310183556.0
008 111109s19uu xx 00 eng d
020 _a9780071312356
050 _aQA 76.758
_b.P935 2010
100 _aPressman, Roger
245 _aSoftware engineering :
_ba practitioner's approach /
_cRoger S. Pressman.
250 _a7th ed.
260 _aBoston :
_bMcGraw Hill,
_c2010.
300 _a895 p. :
_bill. ;
_c22 cm.
521 _aIT
650 _aSoftware engineering
942 _cBK
_2lcc
_kFOR
999 _c25028
_d25028